[Event "Asian Zonal 3.3 2019"]
[Site "Ulaanbaatar"]
[Date "2019.04.14"]
[Round "8.9"]
[White "Gan-Erdene, Sugar"]
[Black "Nguyen, Van Huy"]
[Result "0-1"]
[WhiteElo "2375"]
[BlackElo "2436"]
[Annotator "TA"]
[PlyCount "52"]
[EventDate "2019.04.07"]
[EventType "swiss"]
[EventRounds "9"]
[EventCountry "MGL"]
[SourceTitle "playchess.com"]
[Source "ChessBase"]
[SourceQuality "1"]

{[%evp 14,52,11,4,2,-1,11,-23,-16,-39,-33,-62,-62,-56,-42,-72,-58,-64,-59,-72,-69,-69,-43,-72,-68,-70,-70,-63,-63,-86,-83,-83,-97,-89,-83,-268,-252,-410,-333,-463,-429]} 1. d4 Nf6 2. c4 b6 3. g3 Bb7 4. Nf3 g6 5. Bg2 Bg7 6. O-O O-O 7. b3 c5 8. Bb2 cxd4 {A30: Symmetrical English: Double Fianchetto and Hedgehog} 9. Bxd4 (9. Qxd4 d6 10. Nc3 Ne4 11. Qe3 Nxc3 12. Bxc3 Bxc3 13. Qxc3 Nd7 14. Rad1 Rc8 15. Qd2 Rc5 16. Nd4 Bxg2 17. Kxg2 Qa8+ 18. Kg1 {0-1 (53) Andreikin,D (2719)-Artemiev,V (2709) St Petersburg 2018}) 9... d6 10. Nbd2 Nbd7 {Black has an edge.} 11. Qc2 Rc8 12. Qb2 Qc7 13. Rac1 Qb8 14. h3 a6 {[%cal Ba7a6,Ba6b5,Bb5b4][%mdl 32]} 15. Ne1 b5 16. Bxb7 Qxb7 17. Nd3 $146 Rfe8 18. cxb5 axb5 19. Rxc8 Rxc8 20. Rc1 e5 21. Bc3 Nd5 22. e4 b4 $36 {[%mdl 2048] Black is on the roll.} 23. Bd4 exd4 24. exd5 $2 {[#]} (24. Rxc8+ $17 {was the only defense.} Qxc8 25. exd5) 24... Rc3 $19 25. Nf4 $2 (25. Qb1) 25... Nc5 {White must now prevent ...g5.} 26. Re1 Be5 {Accuracy: White = 29%, Black = 58%.} 0-1

[Event "Asian Zonal 3.3 2019"]
[Site "Ulaanbaatar"]
[Date "2019.04.14"]
[Round "8.9"]
[White "Lkhagvasuren, Tsedvee"]
[Black "Bersamina, Paulo"]
[Result "0-1"]
[WhiteElo "2336"]
[BlackElo "2444"]
[Annotator "TA"]
[PlyCount "40"]
[EventDate "2019.04.07"]
[EventType "swiss"]
[EventRounds "9"]
[EventCountry "MGL"]
[SourceTitle "playchess.com"]
[Source "ChessBase"]
[SourceQuality "1"]

{[%evp 17,40,-43,-33,-45,-41,-48,-38,-77,-81,-78,-60,-146,-143,-200,-149,-293,-147,-591,-616,-620,-615,-605,-385,-647,-654]} 1. c4 e5 2. Nc3 Nc6 3. g3 f5 4. Bg2 Nf6 5. d3 Bb4 6. a3 Bxc3+ 7. bxc3 d6 8. Nf3 O-O 9. O-O Qe8 {LiveBook: 5 Games} 10. Bg5 {A25: English Opening vs King's Indian with ...Nc6 but without early d3} Nd7 $146 ({Predecessor:} 10... Nh5 11. Bd2 b6 12. Ng5 Nf6 13. c5 dxc5 14. Qb3+ Kh8 15. Nf7+ Rxf7 16. Bxc6 Qxc6 17. Qxf7 Be6 18. Qe7 Re8 19. Qxe8+ Qxe8 20. c4 f4 {0-1 (20) Buzas,B (2145)-Kaczur,F (2427) Hajduboszormeny 2016}) 11. Be3 Qh5 12. d4 {Black is slightly better.} f4 13. Bc1 Nf6 14. d5 (14. Rb1 $15) 14... Ne7 $17 {[%cal Bc6e7,Be7f5,Bf5g3][%mdl 32]} 15. c5 (15. gxf4 $17 {keeps fighting.} Bh3 16. Bxh3 Qxh3 17. Ng5 Qxc3 18. Rb1) 15... h6 ({Don't do} 15... dxc5 16. d6 $15) (15... Nfxd5 16. c4 $11) 16. Ne1 (16. gxf4 $17 Bh3 17. fxe5) 16... Bh3 ({Weaker is} 16... dxc5 17. d6 $17) ({Black should play} 16... Ng4 $19 {[%csl Gg4][%cal Rh5h2]} 17. h3 fxg3 18. fxg3 Nf6 19. cxd6 cxd6 20. Rxf6 Rxf6) 17. f3 $2 {[%mdl 8192] [#]} (17. gxf4 $17 {is a better chance.} Bxg2 18. Nxg2) 17... fxg3 $19 18. hxg3 Nf5 19. g4 Bxg4 20. e4 $2 (20. Rf2) 20... Ng3 {Precision: White = 10%, Black = 61%.} 0-1

[Event "Asian Zonal 3.3 2019"]
[Site "Ulaanbaatar"]
[Date "2019.04.14"]
[Round "8.9"]
[White "Itgelt, Khuyagtsogt"]
[Black "Bilguun, Sumiya"]
[Result "0-1"]
[WhiteElo "2056"]
[BlackElo "2488"]
[Annotator "ChessBase"]
[PlyCount "72"]
[EventDate "2019.04.07"]
[EventType "swiss"]
[EventRounds "9"]
[EventCountry "MGL"]
[SourceTitle "playchess.com"]
[Source "ChessBase"]
[SourceQuality "1"]
[TimeControl "40/5400+30:1800+30"]

1. d4 {[%emt 0:00:00]} Nf6 {[%emt 0:00:00]} 2. c4 {[%emt 0:00:00]} b6 {[%emt 0:00:00]} 3. g3 {[%emt 0:04:41]} Bb7 {[%emt 0:00:00]} 4. Nf3 {[%emt 0:00:14]} g6 {[%emt 0:00:05]} 5. Bg2 {[%emt 0:00:44]} Bg7 {[%emt 0:00:01]} 6. O-O {[%emt 0:00:43]} O-O {[%emt 0:00:17]} 7. b3 {[%emt 0:07:16]} c5 {[%emt 0:02:37]} 8. Bb2 {[%emt 0:02:03]} cxd4 {[%emt 0:00:58]} 9. Bxd4 {[%emt 0:03:17]} d6 {[%emt 0:01:08]} 10. Nbd2 {[%emt 0:02:49]} Nbd7 {[%emt 0:00:31]} 11. Qc2 {[%emt 0:05:48]} Rc8 {[%emt 0:02:52]} 12. Qb2 {[%emt 0:02:35]} Qc7 {[%emt 0:06:43]} 13. Rac1 {[%emt 0:03:35]} Qb8 {[%emt 0:00:54]} 14. h3 {[%emt 0:02:36]} a6 {[%emt 0:07:38]} 15. Ne1 {[%emt 0:10:23]} b5 {[%emt 0:01:34]} 16. Bxb7 {[%emt 0:03:54]} Qxb7 {[%emt 0:00:12]} 17. Nd3 {[%emt 0:00:12]} Rfe8 {[%emt 0:03:54]} 18. cxb5 {[%emt 0:12:30]} axb5 {[%emt 0:00:46]} 19. Rxc8 {[%emt 0:00:28]} Rxc8 {[%emt 0:00:10]} 20. Rc1 {[%emt 0:00:19]} e5 {[%emt 0:05:23]} 21. Bc3 {[%emt 0:14:18]} Nd5 {[%emt 0:02:32]} 22. e4 {[%emt 0:03:33]} b4 {[%emt 0:02:05]} 23. Bd4 {[%emt 0:06:12]} exd4 {[%emt 0:10:43]} 24. exd5 {[%emt 0:02:49]} Rc3 {[%emt 0:00:51]} 25. Nf4 {[%emt 0:02:31]} Nc5 {[%emt 0:07:41]} 26. Re1 {[%emt 0:01:05]} Be5 {[%emt 0:00:21]} 27. Ne4 {[%emt 0:03:22]} Nxe4 {[%emt 0:01:06]} 28. Rxe4 {[%emt 0:00:07]} Bxf4 {[%emt 0:00:17]} 29. Rxf4 {[%emt 0:03:18]} Qxd5 {[%emt 0:00:19]} 30. Qd2 {[%emt 0:00:05]} Qc6 {[%emt 0:00:12]} 31. Kh2 {[%emt 0:01:40]} Rc1 {[%emt 0:00:50]} 32. Re4 {[%emt 0:00:04]} Qxe4 {[%emt 0:00:16]} 33. Qxc1 {[%emt 0:00:03]} d3 {[%emt 0:00:33]} 34. Qc8+ {[%emt 0:01:21]} Kg7 {[%emt 0:00:18]} 35. Qd7 {[%emt 0:00:30]} Qd4 {[%emt 0:00:08]} 36. h4 {[%emt 0:01:49]} d2 {[%emt 0:00:15]} 0-1

[Event "Asian Zonal 3.3 2019"]
[Site "Ulaanbaatar"]
[Date "2019.04.14"]
[Round "8.10"]
[White "Megaranto, Susanto"]
[Black "Nasanjargal, Urtnasan"]
[Result "1-0"]
[WhiteElo "2523"]
[BlackElo "2482"]
[Annotator "TA"]
[PlyCount "49"]
[EventDate "2019.04.07"]
[EventType "swiss"]
[EventRounds "9"]
[EventCountry "MGL"]
[SourceTitle "playchess.com"]
[Source "ChessBase"]
[SourceQuality "1"]

{[%evp 12,63,25,29,53,24,32,12,51,24,54,39,53,22,50,46,44,35,147,151,231,222,191,175,249,259,249,252,250,235,408,419,418,419,551,545,526,509,565,556,522,494,29992,29986,29985,1417,1371,1222,29993,29994,29994,29995,29997,29996]} 1. c4 Nf6 2. Nc3 c5 3. Nf3 b6 4. e3 Bb7 5. d4 cxd4 6. exd4 e6 7. a3 d6 {E12: Queen's Indian: Unusual White 4th moves, 4 a3, 4 Nc3 Bb7 5 a3 and 4 Nc3 Bb7} 8. Bd3 Be7 9. O-O O-O {The position is equal.} 10. d5 (10. b4 Nbd7 11. Bb2 Re8 12. Rc1 Bf8 13. d5 e5 14. Nd2 g6 15. Re1 a6 16. Bf1 Rc8 {½-½ (40) Vorobiov,E (2587)-Alekseev,E (2673) Vladivostok 2014}) 10... e5 11. b4 Nbd7 12. Bb2 Nh5 13. g3 $36 {[%mdl 2048] White is pushing.} f5 14. Nh4 {[%mdl 64] Discovered Attack} Bxh4 (14... e4 $1 $14) 15. Qxh5 $16 {[%mdl 64] Double Attack} Bg5 $146 {[#]} (15... e4 $16) 16. f4 $1 $18 exf4 17. gxf4 Bh6 (17... Bf6 $142) 18. Bxf5 Nf6 19. Be6+ Kh8 20. Qh3 Qc7 $2 (20... a5 21. Rae1 axb4) 21. Nb5 Qxc4 22. Nxd6 {[%mdl 64] Double Attack} Qc2 23. Rf2 ({Weaker is} 23. Nxb7 Qxb2 24. Rad1 Ne4 $16) 23... Qc7 24. Be5 Rad8 25. Nf7+ {Played: Nd6-f5} 1-0

[Event "Asian Zonal 3.3 2019"]
[Site "Ulaanbaatar"]
[Date "2019.04.14"]
[Round "8.10"]
[White "Gomez, John Paul"]
[Black "Amartuvshin, Ganzorig"]
[Result "1-0"]
[WhiteElo "2460"]
[BlackElo "2373"]
[Annotator "ChessBase"]
[PlyCount "63"]
[EventDate "2019.04.07"]
[EventType "swiss"]
[EventRounds "9"]
[EventCountry "MGL"]
[SourceTitle "playchess.com"]
[Source "ChessBase"]
[SourceQuality "1"]
[TimeControl "40/5400+30:1800+30"]

1. c4 {[%emt 0:01:11]} Nf6 {[%emt 0:00:00]} 2. Nc3 {[%emt 0:00:25]} c5 {[%emt 0:00:00]} 3. Nf3 {[%emt 0:00:36]} b6 {[%emt 0:01:58]} 4. e3 {[%emt 0:01:50]} Bb7 {[%emt 0:00:35]} 5. d4 {[%emt 0:00:12]} cxd4 {[%emt 0:00:17]} 6. exd4 {[%emt 0:00:07]} e6 {[%emt 0:05:05]} 7. a3 {[%emt 0:00:29]} d6 {[%emt 0:02:29]} 8. Bd3 {[%emt 0:01:01]} Be7 {[%emt 0:00:06]} 9. O-O {[%emt 0:00:16]} O-O {[%emt 0:00:27]} 10. d5 {[%emt 0:01:59]} e5 {[%emt 0:01:22]} 11. b4 {[%emt 0:00:53]} Nbd7 {[%emt 0:02:25]} 12. Bb2 {[%emt 0:00:14]} Nh5 {[%emt 0:02:11]} 13. g3 {[%emt 0:04:16]} f5 {[%emt 0:02:32]} 14. Nh4 {[%emt 0:05:27]} Bxh4 {[%emt 0:09:55]} 15. Qxh5 {[%emt 0:00:19]} Bg5 {[%emt 0:00:11]} 16. f4 {[%emt 0:07:24]} exf4 {[%emt 0:23:57]} 17. gxf4 {[%emt 0:00:19]} Bh6 {[%emt 0:01:01]} 18. Bxf5 {[%emt 0:00:43]} Nf6 {[%emt 0:00:09]} 19. Be6+ {[%emt 0:02:03]} Kh8 {[%emt 0:00:04]} 20. Qh3 {[%emt 0:00:32]} Qc7 {[%emt 0:07:59]} 21. Nb5 {[%emt 0:01:46]} Qxc4 {[%emt 0:04:39]} 22. Nxd6 {[%emt 0:00:20]} Qc2 {[%emt 0:00:18]} 23. Rf2 {[%emt 0:01:04]} Qc7 {[%emt 0:03:41]} 24. Be5 {[%emt 0:01:13]} Rad8 {[%emt 0:00:07]} 25. Nf5 {[%emt 0:04:58]} Qc4 {[%emt 0:00:12]} 26. Nxh6 {[%emt 0:00:41]} gxh6 {[%emt 0:03:43]} 27. Qxh6 {[%emt 0:00:30]} Rg8+ {[%emt 0:00:30]} 28. Qg5 {[%emt 0:00:30]} Rxg5+ {[%emt 0:01:07]} 29. fxg5 {[%emt 0:00:11]} Rg8 {[%emt 0:05:52]} 30. Bxf6+ {[%emt 0:00:32]} Rg7 {[%emt 0:00:16]} 31. Be5 {[%emt 0:00:26]} h6 {[%emt 0:04:26]} 32. g6 {[%emt 0:00:17]} 1-0

[Event "Asian Zonal 3.3 2019"]
[Site "Ulaanbaatar"]
[Date "2019.04.14"]
[Round "8.10"]
[White "Chinguun, Bayaraa"]
[Black "Tran, Minh Thang"]
[Result "1-0"]
[WhiteElo "2033"]
[BlackElo "2349"]
[Annotator "TA"]
[PlyCount "67"]
[EventDate "2019.04.07"]
[EventType "swiss"]
[EventRounds "9"]
[EventCountry "MGL"]
[SourceTitle "playchess.com"]
[Source "ChessBase"]
[SourceQuality "1"]

{[%evp 12,67,21,12,29,-7,1,-21,-2,-14,-18,-12,-27,-38,-19,-37,-35,-44,-52,-83,-20,-16,-14,-39,-22,-35,0,-40,0,-99,-110,-106,-78,-86,0,0,74,19,10,30,31,22,197,0,58,35,120,0,616,694,669,672,5297,5285,6299,2893,29989,29990]} 1. d4 Nf6 2. c4 e6 3. Nf3 d5 4. Nc3 Bb4 5. cxd5 exd5 6. Bg5 O-O 7. e3 c5 {D38: Queen's Gambit Declined: Ragozin Defence (4 Nf3 Bb4)} (7... Nbd7 8. Be2 Re8 9. O-O c6 10. Qc2 Nf8 11. Ne5 Ng6 12. f4 h6 13. Nxg6 fxg6 14. Qxg6 Rxe3 15. Bxh6 {0-1 (40) Gozzoli,Y (2630)-Sarana,A (2630) chess.com INT 2019}) 8. a3 Bxc3+ 9. bxc3 c4 {The position is equal.} 10. Be2 Qa5 11. Bxf6 {Hoping for Be7.} Qxc3+ 12. Nd2 gxf6 13. O-O Nc6 14. Bg4 $146 ({Predecessor:} 14. Ra2 Qa5 15. Qc2 {½-½ (60) Alcala Cuesta,M (1759)-Ritter Aguilar,J (1868) Montcada 2016}) 14... Be6 $36 {[%mdl 2048] Black has some pressure.} 15. Rb1 Rab8 (15... b6 $17) 16. Bxe6 $1 $11 fxe6 17. Qg4+ Kf7 18. Nf3 Qxa3 19. Qh5+ $1 Ke7 20. Qxh7+ (20. e4 $1 $11 {keeps the balance.} dxe4 21. Qxh7+ Rf7 22. Qxe4) 20... Rf7 $17 21. Qg6 b5 22. e4 {aiming for exd5.} Qd3 (22... Qd6 $1 $17 {And now ...dxe4 would win.} 23. Rfe1 b4) 23. Qg3 {Black must now prevent Qc7+.} Kd7 (23... Rb6 $1 $11 {remains equal.} 24. exd5 exd5) 24. exd5 (24. Rfe1 $16) 24... exd5 $11 25. Qg4+ Kc7 {...c3 is the strong threat.} 26. Qf4+ {[%mdl 1024] White has compensation.} Kd7 $2 {[#]} (26... Kb6 $1 $11 {and Black has nothing to worry.}) 27. Qg4+ $2 (27. Ne5+ $1 $18 {[%mdl 512]} Nxe5 (27... fxe5 28. Qxf7+) 28. dxe5) 27... f5 (27... Kc7 $11) 28. Qg6 $14 Re7 29. Rbd1 (29. Rfd1 $16 Qa3 30. Qxf5+ {[%mdl 64] Double Attack} Kc7 31. Qxd5) 29... Qc2 $2 {[%mdl 8192] [#]} (29... Qa3 $11) 30. Ne5+ $1 $18 {[%mdl 512]} Nxe5 31. dxe5 Rxe5 32. f4 Rb6 33. Qf7+ {[%mdl 64] Double Attack} Re7 34. Qxd5+ {Accuracy: White = 52%, Black = 37%.} 1-0

[Event "Asian Zonal 3.3 2019"]
[Site "Ulaanbaatar"]
[Date "2019.04.14"]
[Round "8.11"]
[White "Priasmoro, Novendra"]
[Black "Surya, Wahyudi"]
[Result "1-0"]
[WhiteElo "2479"]
[BlackElo "2197"]
[Annotator "TA"]
[PlyCount "67"]
[EventDate "2019.04.07"]
[EventType "swiss"]
[EventRounds "9"]
[EventCountry "MGL"]
[SourceTitle "playchess.com"]
[Source "ChessBase"]
[SourceQuality "1"]

{[%evp 11,67,33,46,32,52,60,108,92,108,106,101,99,112,109,102,101,133,77,109,108,136,142,158,120,156,170,154,168,155,163,189,182,303,293,274,292,256,221,210,203,238,242,467,172,184,123,668,668,866,850,29986,1374,1325,1247,1368,1302,1193,1163]} 1. e4 Nc6 2. d4 e5 3. dxe5 Nxe5 4. f4 Nc6 5. Nf3 Bc5 (5... Bb4+ 6. Nc3 Nf6 7. Bd3 d5 8. e5 Ne4 9. O-O Bf5 10. Ne2 Bc5+ 11. Kh1 Nf2+ 12. Rxf2 Bxd3 13. cxd3 Bxf2 {1-0 (59) Lagarde,M (2615)-Zubov,A (2597) Bastia 2018}) 6. Nc3 {B00: Queen's Fianchetto Defence, Nimzowitsch Defence} d6 {LiveBook: 4 Games} 7. Na4 Bg4 8. Bb5 {White is slightly better.} Nge7 9. Nxc5 dxc5 10. Be3 $146 ({Predecessor:} 10. Qxd8+ Rxd8 11. Be3 Bxf3 12. gxf3 b6 {1-0 (39) Pudas,T (2176)-Baratosi,D (2329) Balatonlelle 2006}) 10... Qd6 11. h3 Bxf3 12. Qxf3 O-O-O {[#]} 13. c3 $1 a6 14. Be2 (14. Bc4 $142) 14... Kb8 15. O-O f5 16. e5 Qg6 17. Rfd1 Rxd1+ 18. Rxd1 Qe6 19. b3 g5 {intending ...gxf4.} 20. Bc4 Qg6 21. Bxc5 g4 (21... gxf4 $142 22. Qxf4 Qh5) 22. hxg4 $18 fxg4 23. Qd3 Nf5 24. Qd7 {Bf7 is the strong threat.} Ng3 25. e6 Ne4 {[#]} 26. Be3 $1 {Black must now prevent Bd3.} Nxc3 $2 (26... Nf6 {is a better defense.} 27. Qd3 g3 28. Qxg6 hxg6) 27. Rd3 $2 (27. Re1) 27... Ne4 {White should prevent ...Nf6.} 28. e7 $40 {[%mdl 128] White is out for blood.} (28. Rd5 $18) 28... Nd6 $2 {[%mdl 8192] [#]} (28... Qe8 $16) 29. Rxd6 $1 {[%mdl 512]} cxd6 30. f5 {[%cal Bf4f5,Bf5f6][%mdl 32]} Qh5 31. Qxd6+ (31. Bxa6 $142 bxa6 32. Qxd6+ Kb7 33. Qd7+ Ka8 34. Qxc6+ Kb8 35. Bf4+ Ka7 36. Qc7+ Ka8 37. Be3 Qh2+ 38. Kxh2 g3+ 39. Kh1 h6 40. Qa7#) 31... Ka8 {White is clearly winning.} 32. f6 {f7 would kill now.} Qa5 33. Qc5 {Threatening mate with Qxa5.} Qe1+ 34. Bf1 {Precision: White = 65%, Black = 41%.} 1-0

[Event "Asian Zonal 3.3 2019"]
[Site "Ulaanbaatar"]
[Date "2019.04.14"]
[Round "8.12"]
[White "Agibileg, Uurtsaikh"]
[Black "Baasansuren, Erdene"]
[Result "1-0"]
[WhiteElo "2403"]
[BlackElo "2199"]
[Annotator "TA"]
[PlyCount "99"]
[EventDate "2019.04.07"]
[EventType "swiss"]
[EventRounds "9"]
[EventCountry "MGL"]
[SourceTitle "playchess.com"]
[Source "ChessBase"]
[SourceQuality "1"]

{[%evp 18,99,29,28,34,34,36,15,54,62,118,111,155,180,146,56,58,44,43,63,45,41,24,56,50,54,149,123,102,88,177,121,105,93,109,71,183,176,187,16,73,56,230,216,176,70,95,53,492,493,483,68,86,13,0,8,40,47,32,44,164,133,437,408,357,140,172,162,178,37,44,38,46,82,8,8,1393,53,1306,1340,2206,1068,974,941]} 1. d4 d5 2. c4 e6 3. Nc3 Nf6 4. Nf3 a6 5. cxd5 exd5 6. Bg5 {D37: Queen's Gambit Declined: 5 Bf4} Be6 7. e3 Nbd7 8. Bd3 Bd6 9. Bf4 Qe7 10. O-O {LiveBook: 7 Games} c6 11. h3 O-O 12. Ne5 $146 ({Predecessor:} 12. Qc2 Rfe8 13. Rae1 g6 {1-0 (40) Aronian,L (2801)-Oleksienko,M (2615) Germany 2018}) 12... Nb6 13. Bg5 c5 (13... Qd8 $14) 14. f4 $16 (14. Bxf6 $6 Qxf6 15. f4 (15. Qh5 g6 $17) 15... g6 $11) 14... c4 15. Bb1 h6 16. Qc2 (16. Bxf6 $6 Qxf6 17. a4 a5 $14) (16. Bh4 $1 $16) 16... hxg5 $14 17. fxg5 Ne4 $1 {[%cal Re4g5]} 18. Nxe4 dxe4 19. Qxe4 $40 {[%csl Gb1][%cal Re4h7][%mdl 128] White is up to no good.} f5 $1 {[%cal Rf5e4]} 20. gxf6 $1 gxf6 {And now ...f5 would win.} 21. Ng6 $1 {[%csl LRe7,LRf8][%cal Rg6e7][%mdl 64] Double Attack} (21. Qg6+ Qg7 $17) 21... Qf7 (21... Qd7 $1 $14) 22. Nxf8 $16 Kxf8 23. Qh4 Be7 (23... Ke7 $16) 24. Bf5 (24. Be4 $18) 24... Ke8 25. Qe4 Bd5 26. Qg4 Kd8 (26... Qg8 $16 {might work better.}) 27. e4 $18 Bc6 28. d5 $2 (28. Rad1 $18) 28... Bc5+ (28... Be8 $11) 29. Kh1 $16 Bd7 $2 (29... Be8 $1 $14) 30. e5 $1 $18 {[%cal Re5e6]} fxe5 31. Be6 (31. Bxd7 $18 Qxd7 32. Qh5) 31... Qe7 32. Qe4 {[%mdl 1024] Rf7 is the strong threat. White has strong compensation.} Bd4 $2 {[%mdl 8192]} ({Black should play} 32... Be8 $14) 33. Rf7 Qd6 34. Rc1 $2 ({Better is} 34. Raf1 $18) 34... Kc7 $1 $14 {[#] next ...Rd8 is good for Black.} 35. Rxc4+ (35. a4 $1 $16 {[%cal Ra4a5][%mdl 512]} Rf8 (35... Nxa4 36. Rxd7+) 36. a5 Rxf7 37. axb6+ Kxb6 38. Bxf7) 35... Kb8 $11 36. Rc1 {Black must now prevent Qh7.} Ka7 (36... Be8 $5 {[%cal Re8f7]} 37. Rg7 Ka7 $14) 37. Qh7 $1 {[%cal Re6d7]} Rd8 {[#]} 38. a4 $1 {[%cal Ra4a5][%mdl 512] Threatens to win with a5.} a5 {[#]} ({Black should try} 38... Ka8 $14) (38... Nxa4 39. Bxd7) 39. b4 $1 $18 {[%cal Rb4a5][%mdl 512]} Ka6 $2 {[%mdl 8192]} (39... axb4 $16 {is tougher.} 40. a5 Nxd5 41. Bxd7 (41. Rxd7 Rxd7 42. Qxd7 Qxd7 $16) 41... Nf6) 40. bxa5 $1 Kxa5 41. Qd3 $2 (41. Rb1 $18 {has better winning chances.} Ka6 42. a5 $1 {[%mdl 512]} (42. Bxd7 Nxd7 43. Qd3+ Ka7 $16) 42... Kxa5 43. Bxd7 Rxd7 44. Qd3 $1 {[%mdl 512]}) 41... Nxa4 42. Rb1 ({Much less strong is} 42. Qd2+ $6 Ka6 $14) 42... Nc3 43. Rxb7 (43. Rb3 $1 $18) 43... Bb5 $14 44. Ra7+ Kb4 45. Qd2 Bxa7 46. Rxa7 {Strongly threatening Qb2+.} Qc5 $2 {[%mdl 8192] [#]} (46... Kb3 $11) 47. Qb2+ $1 $18 Kc4 {[#]} 48. Rc7 $1 {[%mdl 512] White is clearly winning.} Na4 (48... Qxc7 49. d6+) 49. Rxc5+ (49. d6+ $142 Kd3 50. Qb1+ Kd4 51. Qg1+ Kd3 52. Rxc5 Nxc5 53. Qxc5 {[%mdl 64] Double Attack}) 49... Nxc5 50. Qxe5 {Accuracy: White = 48%, Black = 32%.} 1-0

[Event "Asian Zonal 3.3 2019"]
[Site "Ulaanbaatar"]
[Date "2019.04.14"]
[Round "8.13"]
[White "Tugstumur, Yesuntumur"]
[Black "Anand, Batsukh"]
[Result "1-0"]
[WhiteElo "2355"]
[BlackElo "1771"]
[Annotator "TA"]
[PlyCount "101"]
[EventDate "2019.04.07"]
[EventType "swiss"]
[EventRounds "9"]
[EventCountry "MGL"]
[SourceTitle "playchess.com"]
[Source "ChessBase"]
[SourceQuality "1"]

{[%evp 22,101,63,6,14,0,0,0,0,-9,19,9,22,18,16,-34,7,6,62,40,47,44,93,94,144,142,232,206,255,195,215,211,209,204,295,287,245,215,323,313,459,448,550,547,783,815,850,479,848,702,870,865,939,957,962,897,1098,1058,989,1033,920,618,813,813,961,938,975,958,1027,1004,2909,2140,7238,6478,5691,5959,29983,29983,29982,29983,29974,29966]} 1. d4 Nf6 2. c4 g6 3. Nc3 Bg7 4. e4 d6 5. Nf3 O-O 6. Be2 e5 7. O-O Nc6 8. d5 Ne7 9. Nd2 a5 10. a3 Bd7 11. b3 c6 12. Rb1 ({White should play} 12. a4 $14) 12... b5 $11 {[%cal Bb7b5,Bb5b4][%mdl 32] E97: King's Indian: Classical Main Line (6...e5 7 0-0 Nc6): 8 Be3 and 8 d5 Ne7, not 9 Ne1} 13. dxc6 (13. b4 axb4 14. axb4 cxd5 15. cxd5 Qb6 16. Rb2 h5 17. Ndb1 Rfb8 18. Be3 Qd8 19. f3 Nh7 20. Qd2 {1-0 (50) Tratar,M (2507)-Sedlak,N (2568) Bled 2008}) 13... b4 14. Nd5 Nxc6 {The position is equal.} 15. Bb2 Nxd5 (15... Be6 {is more complex.} 16. Nxf6+ Bxf6 17. Nf3 Qb6 18. Qd2 bxa3 19. Bxa3 Nb4) 16. cxd5 Nd4 17. Bxd4 $146 ({Predecessor:} 17. Bd3 f5 18. exf5 gxf5 19. Bxd4 exd4 20. axb4 axb4 {½-½ (28) Eriksson,A (2335)-Hillarp Persson,T (2438) Linkoping 2001}) 17... exd4 18. Bd3 Rb8 19. a4 h5 (19... f5 $11) 20. Nc4 Bc8 21. f4 Re8 22. Qf3 Bg4 23. Qg3 f5 {[#]} (23... Bc8 $16) 24. exf5 $1 $18 gxf5 25. h3 h4 26. Qf2 Bh5 27. Rbe1 (27. Bxf5 $2 Re2 $19) 27... Rxe1 (27... Qf6 $142 28. Nxa5 Re3) 28. Rxe1 ({Weaker is} 28. Qxe1 Qf6 $16) 28... Bf7 29. Qf3 Qf6 (29... Qd7 {might work better.} 30. Nxa5 Re8 31. Rxe8+ Qxe8) 30. Nxa5 Kh8 (30... Ra8 $142) 31. Nc6 Rg8 32. a5 {[%cal Ba4a5,Ba5a6][%mdl 32]} Bh6 33. a6 Qg7 34. Re2 Qf8 (34... Qg3 $142 35. Qxg3 hxg3) 35. Bxf5 Rg3 36. Qe4 d3 37. Ra2 d2 38. Rxd2 Rxb3 39. a7 Ra3 40. Qxb4 Ra1+ 41. Kf2 Qg8 {[#] ( -> ...Qg3+)} 42. Qb2+ Bg7 43. Qb8 Be8 44. Bg4 Qf8 45. f5 Bh6 46. Re2 Bd7 47. Qxf8+ Bxf8 48. f6 Bxc6 49. dxc6 {White mates.} Rxa7 50. Re8 Rf7 51. c7 {Accuracy: White = 69%, Black = 27%.} 1-0

[Event "Asian Zonal 3.3 2019"]
[Site "Ulaanbaatar"]
[Date "2019.04.14"]
[Round "8.14"]
[White "Garidmagnai, Byambasuren"]
[Black "Altanbayar, Tserenpeljee"]
[Result "1-0"]
[WhiteElo "2313"]
[BlackElo "2060"]
[Annotator "RC"]
[PlyCount "135"]
[EventDate "2019.04.07"]
[EventType "swiss"]
[EventRounds "9"]
[EventCountry "MGL"]
[SourceTitle "playchess.com"]
[Source "ChessBase"]
[SourceQuality "1"]
[TimeControl "40/5400+30:1800+30"]

1. Nf3 Nf6 2. b3 c5 3. Bb2 b6 4. g3 Bb7 5. Bg2 d6 6. d4 Nbd7 7. O-O Rc8 8. c4 cxd4 9. Bxd4 Qc7 10. Re1 Qb8 11. Bb2 a6 12. Nc3 b5 13. cxb5 axb5 14. e4 e6 15. Nd4 Be7 16. Ndxb5 O-O 17. a4 Rfd8 18. Ba3 Ba6 19. Rc1 Nc5 20. b4 Ncd7 21. Nd4 Bc4 22. b5 Ne5 23. Nb1 Qa7 24. Nc6 Rxc6 25. bxc6 Nd3 26. Re3 Nxc1 27. Qxc1 Qxa4 28. Rc3 Ba6 29. c7 Rc8 30. e5 Ne4 31. Rc6 Bg5 32. Qc2 Qxc2 33. Rxc2 d5 34. f4 Bh6 35. Bxe4 dxe4 36. Rc6 Bb7 37. Rd6 f6 38. f5 Be3+ 39. Kg2 fxe5 40. fxe6 Bg5 41. Rd7 e3+ 42. Kf1 Bc6 43. Be7 Bxe7 44. Rxe7 Bb5+ 45. Ke1 Rf8 46. Rf7 Ba6 47. Rxf8+ Kxf8 48. Nc3 Ke7 49. Na4 Kd6 50. e7 Kxe7 51. Nb6 Kf6 52. c8=Q Bxc8 53. Nxc8 Kg5 54. Ke2 Kg4 55. Kxe3 h5 56. Nd6 Kh3 57. Ne4 Kxh2 58. Kf3 h4 59. g4 h3 60. Kf2 Kh1 61. Kg3 Kg1 62. Kxh3 Kf1 63. g5 g6 64. Kg4 Ke2 65. Nd6 Ke3 66. Nf7 e4 67. Ne5 Kd4 68. Nxg6 1-0